zpět

Detail výsledku týmu

Pivovar Podlesí, Příbram

Datum a čas kvízu

27 Celkem bodů Celkový počet nahraných bodů na tomto kvízu bez doplňovacích otázek.
7. Pořadí na kvízu Konečné umístění týmu na tomto kvízu.

Zaznamenané odpovědi

# Otázka Odpověď Body Výsledky
1. V médiích se minulý týden hojn... Michal Hašek 1
2. Italské letovisko, které je ob... Bibione 1
3. Rakouská společnost Koch Media... Warhorse (Studios) 0
4. Společnost Coca-Cola přichází... pomerančová 0
5. Jak se jmenuje historicky prvn... Petra Vlhová 1
6. Dlouhé názvy filmů byly v módě... v neděli ráno 1
5. V roce 1964 natočil slavný rež... Dr. Divnoláska 0
5. Francouzsko - španělská komedi... budeme zlí 1
5. Rodinná komedie, kde se objevi... žádné holce neopustil 1
5. Volné pokračování úspěšné sati... to se počítá, pánové... 1